| 000 | | | 03730nmc2a2200000 x 450 |
| 001 | | | ad178d1d-e2db-4555-928c-6f1471163a0c |
| 005 | | | 20151218173143.0 |
| 100 | ## | $a | 20151019l17971801k l0rusy0189 ca |
| 101 | 0# | $a | rus |
| 102 | ## | $a | RU |
| 200 | 1# | $a | План губернского города Витебска |
| | $j | [1797-1801] гг. |
| 251 | ## | $c | Дело |
| 300 | ## | $a | Художественные миниатюры |
| 801 | #0 | $a | RU |
| | $b | РГИА |
| | $c | 20151019 |
| | $g | RCR |
| 801 | #1 | $a | RU |
| | $b | ГлавНИВЦ |
| | $c | 20151019 |
| | $2 | rusmarc |
| 801 | #2 | $a | RU |
| | $b | ПБ им. Б.Н. Ельцина |
| | $c | 20151218 |
| | $g | RCR |
| | $2 | rusmarc |
| 850 | ## | $a | РГИА |
| 852 | ## | $a | РГИА |
| | $e | Федеральное казенное учреждение "Российский государственный исторический архив" (РГИА) |
| | $j | 260 |
| 937 | ## | $h | РГИА |
| | $d | 12154215 |
| | $a | ASBIBLIO_SCAN |
| 462 | #0 | $1 | 001dcd89104-8d20-40fa-811e-bb92fb080979 |
| | $1 | 2001 |
| | $a | Карты, планы и чертежи Петербургского сенатского архива за 1732-1917 гг. |
| | $1 | 251 |
| | $c | Опись |
| | $1 | 852 |
| | $j | 1 |
| 461 | #0 | $1 | 001ac81bd0a-ee7e-4d64-837e-48e7e073b90f |
| | $1 | 2001 |
| | $a | Карты, планы и чертежи Петербургского Сенатского архива (коллекция) |
| | $1 | 251 |
| | $c | Фонд |
| | $1 | 852 |
| | $j | 1399 |
| 215 | ## | $a | 1 карта |
| | $d | 94х125 см |
| | $c | план.; ил. |
| 371 | ## | $a | Документ не является опубликованным и широко распространяемым |
| 105 | ## | $a | ea## |
| 122 | 2# | $a | d |
| 330 | ## | $a | План губернского города Витебска с означением прежнего непроизведенного в действо и ныне вновь положенного проекта |
| 035 | ## | $a | ad178d1d-e2db-4555-928c-6f1471163a0c |